书目信息 |
| 题名: |
个体 论描述的形而上册学
|
|
| 作者: | 彼得.F.斯特劳森 ;江怡 | |
| 分册: | ||
| 出版信息: | 北京 中国人民大学出版社 2004 |
|
| 页数: | 186页 | |
| 开本: | 20cm | |
| 丛书名: | ||
| 单 册: | ||
| 中图分类: | B015 | |
| 科图分类: | ||
| 主题词: | 哲学基本问题 | |
| 电子资源: | ||
| ISBN: | 7-300-06192-3 | |
| 000 | 00618nam0 2200193 450 | |
| 001 | 0728815141 | |
| 005 | 20070819080015.14 | |
| 010 | @a7-300-06192-3@d¥25.00 | |
| 100 | @a20070819d km y0chiy0120 ea | |
| 101 | 0 | @achi |
| 200 | 1 | @a个体 论描述的形而上册学@Age ti lun miao shu de xing er shang ce xue@f彼得.F.斯特劳森@Fbi de.F.si te lao sen@g江怡@Gjiang yi |
| 210 | @a北京@c中国人民大学出版社@d2004 | |
| 215 | @a186页@d20cm | |
| 606 | 0 | @a哲学基本问题 |
| 690 | @aB015@v3 | |
| 701 | 0 | @a彼得.F.斯特劳森@Abi de.F.si te lao sen |
| 702 | 0 | @a江怡@Ajiang yi |
| 801 | 0 | @aCN@bPFT@c20070819 |
| 905 | @a213230@dB015@eZW106@f1 | |
| 个体 论描述的形而上册学/彼得.F.斯特劳森/江怡.-北京:中国人民大学出版社,2004 |
| 186页;20cm |
| ISBN 7-300-06192-3:¥25.00 |
| ● |
| 相关链接 |
|
|
|
|
正题名:个体 论描述的形而上册学
索取号:B015/ZW106
 
预约/预借
| 序号 | 登录号 | 条形码 | 馆藏地/架位号 | 状态 | 备注 |
| 1 | 7600896 | 276008963 | 中文系资料室/ [索取号:B015/ZW106] | 在馆 |